Rise of the Russian Consumer (Record no. 9066)

MARC details
000 -LEADER
fixed length control field 00546nam a2200193uu 4500
001 - CONTROL NUMBER
control field WIIW0000188
003 - CONTROL NUMBER IDENTIFIER
control field OSt
005 - DATE AND TIME OF LATEST TRANSACTION
control field 20241011142257.0
008 - FIXED-LENGTH DATA ELEMENTS--GENERAL INFORMATION
fixed length control field 241011t2020 xxk||||| ||||||0| | eng d
020 ## - INTERNATIONAL STANDARD BOOK NUMBER
International Standard Book Number OHNE
040 ## - CATALOGING SOURCE
Transcribing agency OSt
041 ## - LANGUAGE CODE
Language code of text/sound track or separate title eng
100 ## - MAIN ENTRY--PERSONAL NAME
Dates associated with a name Margaret Miller
245 00 - TITLE STATEMENT
Title Rise of the Russian Consumer
Remainder of title A Study of the Khrushchev era and the liberalisation of the Russian economy since Stalin
260 ## - PUBLICATION, DISTRIBUTION, ETC.
Place of publication, distribution, etc. London
Name of publisher, distributor, etc. The Institute of Economic Affairs
Date of publication, distribution, etc. 1965
300 ## - PHYSICAL DESCRIPTION
Extent 254 S. ;
Dimensions 18,5 cm.
651 ## - SUBJECT ADDED ENTRY--GEOGRAPHIC NAME
Geographic name Russia
942 ## - ADDED ENTRY ELEMENTS (KOHA)
Koha item type Book
Source of classification or shelving scheme Other/Generic Classification Scheme
Holdings
Withdrawn status Lost status Source of classification or shelving scheme Damaged status Not for loan Home library Current library Date acquired Total Checkouts Full call number Date last seen Price effective from Koha item type
    Other/Generic Classification Scheme     WIIW WIIW 10/11/2024   7977 10/11/2024 10/11/2024 Book
The Vienna Instiute for International Economic Studies (wiiw)